000 00608nam a2200229 i 4500
001 C2-0231164
003 PPAK
005 20180728084251.0
008 001114s1956 enk |||| ||||| | eng d
040 _aPPAK
_beng
_cPPAK
_erda
082 0 4 _a808.83
_223
090 0 0 _a808.83
_bHAR
_dKSI
100 1 _aHardy, Thomas,
_eauthor
245 1 0 _aJude the obscure
264 1 _aLondon :
_bMacMillan & Co., Limited ,
_c1956
300 _a489 pages ;
_c18 cm
336 _2rdacontent
_atext
337 _2rdamedia
_aunmediated
338 _2rdacarrier
_avolume
650 1 0 _aEnglish literature
942 _ddc
_cB
999 _c150624
_d150624